00536nam a22001937a 450000500170000001000160001702000260003303500140005903700170007303700130009008200080010310000160011124500420012725000180016926000410018727000510022830000230027950000400030220170103154304.0 a ENG-117011 a9788184845525c750.00 aEN-100543 adpl bAakar  bDBAD/PUB a510 aBhatia,A.S. aModern speed maths /c by A.S. Bhatia a2nd ed.(rev.) aNew Delhi bRegal Publicationsc2016 a2/35,Ansari Road,DaryaganjbNew Delhi e110027 aviii,184c23cm(Hb) aIncludes bibliographical references